000
00341nam a2200157Ia 4500
100
_a
Attenborough/Mary
650
_a
Mathematics
942
_c
BK
366
_f
20
245
_a
Mathematics for electrical engineering and computing
260
_b
Newnes
_c
2003
082
_a
515
_b
ATT
300
_a
550
546
_a
ENGLISH
999
_c
30242
_d
30242